000 00388nam a2200133Ia 4500
008 100328s9999 xx 000 0 und d
082 _b66948
100 _aराजपूत रघुवीरसिंह.
245 _aनिर्माल्य.
260 _bसाकेत.
630 _aनिर्माल्य.
730 _aनिर्माल्य.
942 _cBOOK
999 _c552687
_d552684